Statistics for NCiS Quiz

Click here to take the quiz!

General Stats

  • This quiz has been taken 163 times
  • The average score is 16 of 25

Answer Stats

HintAnsewrs% Correct
What season does Tony get the plauge2
100%
What season dies Kate die2
100%
How many times has Gibbs been divorced3
98%
What season did Mcgee first appear on1
96%
What season does Gibbs met Hollis Mann4
96%
What season does Ziva officially become an agent7
95%
Which season does Tony be Agent Afloat6
94%
What Season does Mike Franks Die8
89%
What agency did Ziva work at before NCISMossad
83%
What does the N stand for in NCISNaval
83%
What was Ari to ZivaHalf Brother
81%
Which city is NCIS locatedWashington DC
74%
Where was Gibbs BornStillwater Pennsylvania
68%
What is Abby's favourite holidayHalloween
65%
What was the name of Gibbs second boatKelly
65%
What is Fornell's daughter namedEmily
61%
Who's McGee's GirlfriendDelilah
59%
Where was Doctor Mallard BornScotland
51%
What is Jimmy's nicknameAutopsy Gremlin
47%
What is Bishop's Ex Husband calledJake
47%
What is the first name of Agent LeeMichelle
40%
Who was the terrorist in Season 9 who blew up their officeHarper Dearing
15%
What was the 200th episodeLife before his eyes
8%
What is Abby's real first nameAbagail
5%
How does Jenny dieGun shots
5%

Score Distribution

Percentile by Number Answered

Percent of People with Each Score

Your Score History

You have not taken this quiz